| 000 | 01211cam a2200337 i 4500 | ||
|---|---|---|---|
| 001 | 41764 | ||
| 003 | Mx-PuUPA | ||
| 005 | 20250605121654.0 | ||
| 008 | 140415s1996 a gr 001 0 spa d | ||
| 020 | _a950124198X | ||
| 040 |
_cMx-PuUPA _aMx-PuUPA _bspa _dMx-PuUPA _erda |
||
| 041 | 0 | _aspa | |
| 100 | 1 |
_aZukerfeld, Rubén, _917025 _eautor |
|
| 245 | 1 | 0 |
_aActo bulímico, cuerpo y tercera tópica / _cRubén Zukerfeld con la colaboración de Raquel Zonis de Zukerfeld |
| 250 |
_a2a. edición / _bde Paidós, revisada y ampliada |
||
| 264 | 1 |
_aBuenos Aires, Argentina : _bEditorial Paidós, _c1996 |
|
| 300 |
_a351 páginas : _btablas ; _c22 cm |
||
| 336 |
_2rdacontent _atexto _btxt |
||
| 337 |
_2rdamedia _asin medio _bn |
||
| 338 |
_2rdacarrier _avolumen _bnc |
||
| 490 | 0 |
_aBiblioteca de Psicología Profunda ; _v198 |
|
| 650 | 7 |
_2armarc _aBulimia |
|
| 650 | 7 |
_2armarc _aNutrición _xTrastornos |
|
| 650 | 7 |
_2armarc _aPsicoanálisis |
|
| 650 | 7 |
_2armarc _aPsicología patológica |
|
| 700 | 1 |
_aZonis de Zukerfeld, Raquel, _ecolaborador |
|
| 942 |
_2ddc _cLI _h616.8526308 _iZ45 |
||
| 999 |
_c41764 _d41764 |
||